|
|
|
|
| LEADER |
00000nab a2200000 a 4500 |
| 001 |
vtls000451081 |
| 003 |
SK-MaSNL |
| 005 |
20260304081125.0 |
| 008 |
250424c1992 xo 0 slo |
| 015 |
|
|
|a SNBRB19rr/mm-uuuuu
|
| 035 |
|
|
|a CL0451212
|
| 035 |
|
|
|a urn:nbn:sk:snk-abaqa
|
| 035 |
|
|
|a (urnnbn)urn:nbn:sk:snk:ar-a05999
|
| 035 |
|
|
|a (uuid)f8051c78-6fad-4d16-baac-52261a50828b
|
| 040 |
|
|
|a SNKBUCL
|b slo
|c SNKBUCL
|e AACR2
|
| 041 |
0 |
|
|a cze
|
| 044 |
|
|
|a xo
|c SK
|
| 080 |
|
|
|a 616.316-006.03
|2 1981
|
| 100 |
1 |
|
|a Voldřich, Zdeněk,
|d 1938-
|4 aut
|9 250295
|
| 245 |
1 |
0 |
|a Příspěvek ke klinické problematice pleiomorfních adenomů slinných žláz
|c Zdeněk Voldřich, Michal Mikolaj, Bohumil Markalous
|
| 300 |
|
|
|b Tb. 6. Res. čes., angl., lit. 21 zázn. v češ., angl., franc.
|
| 650 |
0 |
7 |
|a žľazy slinné
|2 snkbucl
|9 996673
|
| 650 |
0 |
7 |
|a pleomorfný adenóm
|2 snkbucl
|9 53299
|
| 655 |
|
7 |
|a články z novín a časopisov
|2 snkbucl
|9 267496
|
| 700 |
1 |
|
|a Mikolaj, Michal
|4 aut
|9 1369262
|
| 700 |
1 |
|
|a Markalous, Bohumil,
|d 1955-
|4 aut
|9 463441
|
| 773 |
0 |
|
|t Choroby hlavy a krku
|g Roč. 1, č. 1 (1992), s. 5-9
|
| 850 |
|
|
|a Slovenská národná knižnica
|
| 852 |
|
|
|a Slovenská národná knižnica
|
| 954 |
|
|
|a odborná, vedecká literatúra cudzojazyčná (svetová)
|2 lita
|
| 958 |
|
|
|a article27
|
| 958 |
|
|
|a NB
|
| 958 |
|
|
|a RK
|
| 958 |
|
|
|a MI
|
| 958 |
|
|
|a OND
|
| 958 |
|
|
|a EUIPO
|
| 992 |
|
|
|a RBX
|
| 999 |
|
|
|c 2789596
|d 2791526
|